000 00350nam a22001217a 4500
008 180425b xxu||||| |||| 00| 0 eng d
041 _aeng
080 _a043.3
100 _a0
101 _aSHKI-BTH
245 _aAnalizimi i teknologjisë Single Sign-On (SSO) dhe aplikimi i saj në Sisteme dhe Teknologji të pavarura
_cTahiraj,B
942 _2udc
_cBK
999 _c45532
_d45532